Aron politikai szabadság és a körültekintés erkölcsisége : [Raymond Aron Konferencia, Budapest, 2000]
Elmentve itt :
| Testületi szerző: | |
|---|---|
| További közreműködők: | |
| Adatforrás: | Philobibl |
| Dokumentumtípus: | Könyv |
| Nyelv: | magyar |
| Kulcsszavak: | történetfilozófia politikai filozófia Aron, Raymond |
| Megjelent: |
Budapest
Aula
2001
|
| LEADER | 00622cam a2200157 c 4500 | ||
|---|---|---|---|
| 001 | bibPHI0041998 | ||
| 005 | 20240207092244.5 | ||
| 008 | 011206s2001 hu 000 0 hun d | ||
| 245 | 0 | 0 | |a Aron |b politikai szabadság és a körültekintés erkölcsisége : [Raymond Aron Konferencia, Budapest, 2000] |c szerk. ... Csizmadia Sándor |
| 260 | |a Budapest |b Aula |c 2001 | ||
| 300 | |a 266 p. | ||
| 695 | |a történetfilozófia | ||
| 695 | |a politikai filozófia | ||
| 695 | |a Aron, Raymond | ||
| 700 | 1 | |a Csizmadia Sándor | |
| 711 | 2 | |a Raymond Aron gondolatiságának aktualitása a kétpólusú világ megszűnte után |d 2000 |c Budapest |4 Konferencia neve | |